000 00541nam a2200193Ia 4500
003 GCL
008 140319s9999 xx 000 0 ara d
040 _aGCL /
_cGCL
082 0 4 _a811
_bش ع
100 1 _aشوقى عبدالامير
245 1 0 _aحديث النهر: شعر /
_cشوقى عبدالامير
260 _a[S.N] :
_bدار نويقال للنشر
300 _a93 ص
490 _a
650 0 4 _aالشعر العربى
650 0 4 _aالادب العربى
650 0 4 _aدواوين وقصائد
942 _2ddc
_cBK
999 _c54646
_d54646